Motherless daughters : (Record no. 10472)

MARC details
000 -LEADER
fixed length control field 00552nam a22001932 4500
001 - CONTROL NUMBER
control field 0000000167
005 - DATE AND TIME OF LATEST TRANSACTION
control field 20151217154324.0
008 - FIXED-LENGTH DATA ELEMENTS--GENERAL INFORMATION
fixed length control field 070111s xx 000 0 eng d
020 ## - INTERNATIONAL STANDARD BOOK NUMBER
International Standard Book Number 0385314388 :
040 ## - CATALOGING SOURCE
Original cataloging agency KABU
Transcribing agency KABU
100 1# - MAIN ENTRY--PERSONAL NAME
Personal name Edelman, Hope.
-- 0000148236
245 10 - TITLE STATEMENT
Title Motherless daughters :
Remainder of title the legacy of loss /
Statement of responsibility, etc. Hope Edelman.
260 ## - PUBLICATION, DISTRIBUTION, ETC. (IMPRINT)
Place of publication, distribution, etc. New York :
Name of publisher, distributor, etc. Dell Publishing,
Date of publication, distribution, etc. 1994.
300 ## - PHYSICAL DESCRIPTION
Extent xxvii, 324 p.
650 #0 - SUBJECT ADDED ENTRY--TOPICAL TERM
Topical term or geographic name as entry element Grief.
-- 0000148071
908 ## - PUT COMMAND PARAMETER (RLIN)
Put command parameter 070111
950 ## - LOCAL HOLDINGS (RLIN)
-- 1
Holdings
Withdrawn status Lost status Source of classification or shelving scheme Not for loan Home library Current library Date acquired Total Checkouts Full call number Barcode Date last seen Date last checked out Price effective from Koha item type
    Library of Congress Classification   Kabarak, Main Campus Kabarak, Main Campus 17/12/2015 1 BJ1487 .E43 000161 02/08/2024 03/06/2019 17/12/2015 General Collection
Designed with assistance from East African Informatics Ltd